Music Quiz

Random Music Quiz

So Fresh: The Hits of Summer 2012 Tracklist Quiz Stats

 Plays Quiz not verified by Sporcle

Challenge
Share
Tweet
Embed
Score 0/41 Timer 06:00
0 Plays Today
Track No. Title % Correct
1-5Somebody That I Used to Know
85.7%
2-1Pumped Up Kicks
85.7%
1-3Someone Like You
57.1%
1-15Not Over You
57.1%
2-4Born This Way
57.1%
1-2Domino
42.9%
1-6Hangover
42.9%
1-12Glad You Came
42.9%
2-2I Like It Like That
42.9%
2-3Party Rock Anthem
42.9%
2-6Give Me Everything
42.9%
2-8On the Floor
42.9%
2-9Raise Your Glass
42.9%
2-15Animal
42.9%
2-16Who's That Girl
42.9%
2-18Happiness
42.9%
1-1Mr. Know It All
28.6%
1-4Feel So Close
28.6%
1-7Mr. Saxobeat
28.6%
1-8Galaxy
28.6%
1-9All We Have
28.6%
Track No. Title % Correct
1-10The Time (Dirty Bit)
28.6%
1-11S&M
28.6%
1-13In the Dark
28.6%
1-14Wet
28.6%
1-16Get It
28.6%
1-17Shake It Out
28.6%
1-18Amazing
28.6%
1-19Sexy and You Know It
28.6%
1-20Yeah 3x
28.6%
2-5Free
28.6%
2-7Light It Up
28.6%
2-10Fly
28.6%
2-11Coming Home
28.6%
2-12Stay Awake
28.6%
2-13Criminal
28.6%
2-14Wish You Were Here
28.6%
2-17We R Who We R
28.6%
2-19More (RedOne Jimmy Joker Remix)
28.6%
2-20Collide
28.6%
2-21Own This Club
28.6%

You're not logged in!

Compare scores with friends on all Sporcle quizzes.
OR
Log In

You Might Also Like...

Show Comments

Extras

Top Quizzes Today


Score Distribution

Your Account Isn't Verified!

In order to create a playlist on Sporcle, you need to verify the email address you used during registration. Go to your Sporcle Settings to finish the process.

Report this User

Report this user for behavior that violates our Community Guidelines.

Details: